Ekonomický rast a nezamestnanosť v krajinách EÚ bakalárska práca

Salvato in:
Dettagli Bibliografici
Autore principale: Balážová, Eva
Ente Autore: Národohospodárska fakulta EU. Katedra sociálneho rozvoja a práce
Altri autori: Tkáč, Miroslav, 1987-
Natura: Libro
Lingua:slovacco
Pubblicazione: Bratislava 2013
Tags: Aggiungi Tag
Nessun Tag, puoi essere il primo ad aggiungerne!!

MARC

LEADER 00000nbm a2200000 4500
001 0172633
005 20161109112106.9
041 0 |a slo 
044 |a SK 
245 1 0 |a Ekonomický rast a nezamestnanosť v krajinách EÚ  |b bakalárska práca  |c Eva Balážová ; školiteľ: Miroslav Tkáč 
264 1 |a Bratislava  |c 2013 
300 |a 51 s. 
100 1 |a Balážová, Eva 
700 1 |a Tkáč, Miroslav, 1987- 
710 2 |a Národohospodárska fakulta EU. Katedra sociálneho rozvoja a práce